| 000 | 00780cam a2200241 a 4500 | ||
|---|---|---|---|
| 001 | 3958675 | ||
| 005 | 20250313095202.0 | ||
| 008 | 940125s1994 nyua 001 0 eng | ||
| 020 |
_a0070068992 (recycled, alk. paper) : _c$34.95 |
||
| 050 | 0 | 0 |
_aHD62.15 _b.B69 1994 |
| 082 | 0 | 0 |
_a658.5/62 _220 |
| 100 | 1 | _aBoxwell, Robert J. | |
| 245 | 1 | 0 |
_aBenchmarking for competitive advantage / _cRobert J. Boxwell, Jr. |
| 260 |
_aNew York : _bMcGraw-Hill, _cc1994. |
||
| 300 |
_axiv, 224 p. : _bill. ; _c24 cm. |
||
| 500 | _aIncludes index. | ||
| 650 | 0 | _aBenchmarking (Management) | |
| 650 | 0 | _aOrganizational effectiveness. | |
| 650 | 0 | _aPerformance. | |
| 650 | 0 | _aCompetition. | |
| 856 | 4 | 1 |
_3Table of contents _uhttp://www.loc.gov/catdir/toc/mh022/94003940.html |
| 942 |
_2lcc _cBK _n0 |
||
| 999 |
_c4735 _d4735 |
||